| 000 | 00425nam a22001457a 4500 | ||
|---|---|---|---|
| 999 |
_c7851 _d7851 |
||
| 003 | OSt | ||
| 005 | 20200526154236.0 | ||
| 008 | 200526b ||||| |||| 00| 0 eng d | ||
| 020 | _a9781864704907 | ||
| 082 |
_a728.3 _bBRO |
||
| 100 | _aBrowne, Beth | ||
| 245 |
_a Radical renovations : inspiring architectural makeovers/ _binspiring architectural makeovers |
||
| 260 |
_aSingapore _b IMAGES Publishing Group _c2013 |
||
| 942 | _2ddc | ||